10 most climbed mountains - Statistics

General Stats
  • This quiz has been taken 62 times
  • The average score is 3 of 10
Answer Stats
Placement - Country Mountain % Correct
1 - Japan Mt Fuji
92%
8 - Tanzania Mt Kilimanjaro
80%
9 - South Africa Table Mountain
38%
10 - Wales Mt Snowdon
30%
3 - USA Mt Hood
10%
2 - USA Mt Monadnock
5%
6 - China Mt Tai
2%
5 - Sri Lanka Adam's Peak
0%
4 - Ireland Croagh Patrick
0%
7 - South Korea Hallasan
0%
No matching quizzes found
Score Distribution
Percent of People with Each Score
Percentile by Number Answered
Your Score History
You have not taken this quiz